| 000 | 00380nam a2200121Ia 4500 | ||
|---|---|---|---|
| 008 | 220216s9999 xx 000 0 und d | ||
| 100 | _aMohamed Nor Bin Abdullah | ||
| 245 | 0 | _aRISDA and the rubber smallholders of Malaysia | |
| 260 | _bProceedings of the RRIM Planters Conference, Kuala Lumpur, 1976; p372-383 | ||
| 650 | _aRubber smallholder | ||
| 700 | _aYuan C K | ||
| 942 | _cJS | ||
| 999 |
_c67113 _d67113 |
||